Ekonomická štatistika : štatistika obchodu /

Uložené v:
Podrobná bibliografia
Hlavný autor: Bakytová, Hedviga, 1932- (Author)
Médium: Kniha
Jazyk:Slovak
Vydané: Bratislava : Vysoká škola ekonomická, 1978.
Vydanie:1. vyd.
Edícia:Vysokoškolské skriptá
ISBN: (brož.)
Fyzický popis: 149 s. : tab.
Tagy: Pridať tag
Žiadne tagy, Buďte prvý kto otaguje tento záznam!

MARC

LEADER 00000nam a22000001 4500
001 000186708
005 20100831110921.0
008 010710s1978 xo slo d
020 |a (brož.)  |c Kčs 11,00 
040 |a SVKKK  |b slo  |c SVKKK  |e AACR2 
041 0 |a slo 
044 |a xo  |c SK 
245 0 0 |a Ekonomická štatistika :  |b štatistika obchodu /  |c Hedviga Bakytová ... [et al.]. 
250 |a 1. vyd. 
260 |a Bratislava :  |b Vysoká škola ekonomická,  |c 1978. 
300 |a 149 s. :  |b tab. 
490 1 |a Vysokoškolské skriptá 
700 1 |a Bakytová, Hedviga,  |d 1932-  |4 aut 
910 |a svkkk 
998 |a BK 
090 |g SCKHL  |k Sklad Pribinova 3. posch.  |a V.115075  |j 582879  |i 2720091818  |s Absenčne 
090 |g SCKHL  |k Sklad Pribinova 3. posch.  |a V.115076  |j 582880  |i 2720109158  |s Absenčne